000 00765cam a2200181 4500
001 ABS61005
008 000000n1999 000 0 eng u
035 _a(Sirsi) u101559
100 _aMerron, A.
245 _aFair play at work.
260 _c1999
490 _aProperty Week
_v64(30) 30 July 1999, 34-35(2)
520 _aAssesses the likely impact of the government's 'Fairness at Work' legislation on small surveying firms. Outlines the aims of the Employment Relations Bill and looks at its four main tenets: trade union recognition, disciplinary hearings, family-friendly policies and additional protection for workers.
650 _aEMPLOYMENT
650 _aLEGISLATION
690 _aMANAGEMENT-BUSINESS MANAGEMENT-PROFESSIONAL PRACTICE
942 _n0
999 _c60691
_d60691